|
|
|
|
| LEADER |
02310nam a2200349 a 4500 |
| 008 |
130320r20122011enka 000 0 eng d |
| 010 |
|
|
|a 2009504259
|
| 020 |
|
|
|a 9780521173780
|
| 020 |
|
|
|a 9780521173803
|
| 020 |
|
|
|a 9781107695641
|
| 040 |
|
|
|a DLC
|c DLC
|d BD-DhAAL
|
| 082 |
0 |
0 |
|a 428.0076
|2 22
|
| 245 |
0 |
0 |
|a Cambridge IELTS.
|n 8 :
|b examination papers from University of Cambridge ESOL Examinations : English for speakers of other languages.
|
| 246 |
3 |
0 |
|a IELTS 8
|
| 246 |
1 |
8 |
|a IELTS examination papers with answers
|
| 260 |
|
|
|a Cambridge :
|a New York ;
|a New Delhi :
|b Cambridge University Press,
|c c2011.[Reprinted 2012]
|
| 300 |
|
|
|a 176 p. :
|b ill. ;
|c 25 cm.+ 2 audio CDs .
|
| 490 |
0 |
|
|a Cambridge books for Cambridge exams
|
| 500 |
|
|
|a "Official examination papers from University of Cambridge ESOL examinations"--Cover.
|
| 500 |
|
|
|a Spine title: IELTS examination papers with answers.
|
| 500 |
|
|
|a Cover title: Official examination papers from University of Cambridge ESOL examinations :IELTS 7.
|
| 541 |
|
|
|e 00026725
|
| 650 |
|
0 |
|a International English Language Testing System.
|
| 650 |
|
0 |
|a English language
|v Textbooks for foreign speakers.
|
| 650 |
|
0 |
|a English language
|v Examinations, questions, etc.
|
| 710 |
2 |
|
|a University of Cambridge.
|b Local Examinations Syndicate.
|
| 852 |
1 |
|
|a Ayesha Abed Library
|c General shelf.
|
| 999 |
|
|
|c 13258
|d 13258
|
| 952 |
|
|
|0 0
|1 0
|2 ddc
|4 0
|6 428_007600000000000_CAM
|7 0
|9 22079
|a BRACUL
|b BRACUL
|c GEN
|d 2013-03-23
|e Karim International
|g 300.00
|l 8
|m 125
|o 428.0076 CAM
|p 3010026725
|q 2026-05-21
|r 2026-05-17
|s 2026-05-17
|t 1
|w 2013-03-23
|y BK
|x Transferred from BIL to BRACUL on 06/06/22
|
| 952 |
|
|
|0 0
|1 0
|2 ddc
|4 0
|6 428_007600000000000_CAM
|7 0
|9 22080
|a BRACUL
|b BRACUL
|c AV
|d 2013-03-23
|e Karim International
|l 0
|o 428.0076 CAM
|p 4010026725
|r 2013-03-23
|t 1
|w 2013-03-23
|y AV
|x Transferred from BIL to BRACUL on 06/06/22
|
| 952 |
|
|
|0 0
|1 4
|2 ddc
|4 0
|6 428_007600000000000_CAM
|7 0
|9 22081
|a BRACUL
|b BRACUL
|c GEN
|d 2013-03-23
|e Karim International
|g 300.00
|l 3
|m 4
|o 428.0076 CAM
|p 3010026726
|r 2019-12-04
|s 2019-11-27
|t 2
|w 2013-03-23
|y BK
|x Transferred from BIL to BRACUL on 06/06/22
|
| 952 |
|
|
|0 0
|1 0
|2 ddc
|4 0
|6 428_007600000000000_CAM
|7 0
|9 22082
|a BRACUL
|b BRACUL
|c AV
|d 2013-03-23
|e Karim International
|g 300.00
|l 0
|o 428.0076 CAM
|p 4010026726
|r 2013-03-23
|t 2
|w 2013-03-23
|y AV
|x Transferred from BIL to BRACUL on 06/06/22
|